First Appearances of Superheroes - Statistics

General Stats
  • This quiz has been taken 23 times
  • The average score is 9 of 15
Answer Stats
Hint Answer % Correct
Detective Comics #27 Batman
100%
Amazing Fantasy #15 Spider-Man
100%
Action Comics #1 Superman
100%
Incredible Hulk #180 Wolverine
82%
Spawn #1 Spawn
73%
All Star Comics #8 Wonder Woman
64%
The Fantastic Four #5 Doctor Doom
55%
Showcase #4 The Flash (Barry Allen)
55%
Amazing Spider-Man #129 The Punisher
50%
Swamp Thing #37 John Constantine
41%
More Fun Comics #73 Aquaman
36%
Marvel Spotlight #5 Ghost Rider
32%
The Amazing Spider-Man Annual #16 Photon
32%
The Uncanny X-Men #129 Shadowcat
23%
Next Men #21 Hellboy
18%
No matching quizzes found
Score Distribution
Percent of People with Each Score
Percentile by Number Answered
Your Score History
You have not taken this quiz